[Event "Schachfestival Senioren"]
[Site "Bad Woerishofen"]
[Date "2023.03.09"]
[Round "7.42"]
[White "Rumsey, Victor B"]
[Black "Auterhoff, Juergen"]
[Result "1/2-1/2"]
[WhiteElo "1696"]
[BlackElo "1706"]
[PlyCount "39"]
[EventDate "2023.??.??"]
[WhiteTeam "Battersea"]
[BlackTeam "Schachfreunde Muenchen"]

1. d4 Nf6 2. c4 e6 3. Nf3 d5 4. g3 b6 5. Bg2 Bb7 6. O-O Be7 7. Nc3 O-O 8. Ne5 Nbd7 9. Qa4 c5 10. Nxd7 Qxd7 11. Qxd7 Nxd7 12. dxc5 Nxc5 13. cxd5 exd5 14. Nxd5 Bxd5 15. Bxd5 Rad8 16. Bf3 Bf6 17. Rb1 Rfe8 18. Be3 Ne6 19. Rfd1 Nd4 20. Bxd4 1/2-1/2

[Event "Schachfestival Senioren"]
[Site "Bad Woerishofen"]
[Date "2023.03.09"]
[Round "7.43"]
[White "Knischka, Walter"]
[Black "Flockerzi, Armin"]
[Result "1/2-1/2"]
[WhiteElo "1795"]
[BlackElo "1669"]
[PlyCount "67"]
[EventDate "2023.??.??"]
[WhiteTeam "SK Oberguenzburg"]
[BlackTeam "VfR-SC Koblenz"]

1. d4 d5 2. Bf4 Nf6 3. e3 e6 4. Nd2 Nbd7 5. Ngf3 Be7 6. Bd3 O-O 7. c3 c5 8. Ne5 c4 9. Bc2 Nxe5 10. dxe5 Nd7 11. Qg4 Re8 12. h4 Bf8 13. Nf3 f5 14. Qg3 Be7 15. h5 Rf8 16. Qh3 Rf7 17. g4 Nc5 18. gxf5 exf5 19. Ke2 Ne4 20. Rhg1 Kh8 21. Qg2 Qb6 22. Rab1 Bd7 23. Nd4 Rg8 24. f3 Nc5 25. Qh3 Ne6 26. Rg6 Nxd4+ 27. exd4 Be6 28. Rgg1 Qd8 29. Rg2 b5 30. a3 a6 31. Rbg1 Qf8 32. Qg3 a5 33. Bg5 Bxg5 34. Qxg5 1/2-1/2

[Event "Schachfestival Senioren"]
[Site "Bad Woerishofen"]
[Date "2023.03.09"]
[Round "7.44"]
[White "Mitschka, Manfred"]
[Black "Speicher, Franz"]
[Result "0-1"]
[WhiteElo "1686"]
[BlackElo "1790"]
[PlyCount "72"]
[EventDate "2023.??.??"]
[WhiteTeam "SK Neuburg"]
[BlackTeam "Dicker Turm Esslingen"]

1. d4 d5 2. Nf3 e6 3. e3 Nf6 4. Bd3 c5 5. b3 Bd6 6. Bb2 Nc6 7. a3 cxd4 8. exd4 O-O 9. O-O Ne4 10. Nbd2 f5 11. c4 Qf6 12. c5 Bxc5 13. dxc5 Qxb2 14. b4 a6 15. Qe2 Qf6 16. Nb3 Bd7 17. Qc2 Rfc8 18. Rfe1 a5 19. b5 a4 20. Nbd2 Nd4 21. Nxe4 fxe4 22. Nxd4 Qxd4 23. Bf1 Rxc5 24. Qe2 Bxb5 25. Qg4 Qf6 26. f3 Bxf1 27. Rxf1 e3 28. Qb4 Rac8 29. h3 d4 30. Rfe1 d3 31. Rad1 Rc4 32. Qxb7 Qd4 33. Kh2 e2 34. Rxe2 Qf4+ 35. g3 dxe2 36. Rd7 Qxg3+ 0-1

[Event "Schachfestival Senioren"]
[Site "Bad Woerishofen"]
[Date "2023.03.09"]
[Round "7.45"]
[White "Sakowski, Christian"]
[Black "Eigenmann, Christina"]
[Result "1/2-1/2"]
[WhiteElo "1761"]
[BlackElo "1664"]
[PlyCount "62"]
[EventDate "2023.??.??"]
[WhiteTeam "SC Muelheim 08/25 e.V."]
[BlackTeam "Schweizer Schachsenioren"]

1. d4 d5 2. Nf3 Nf6 3. Bf4 e6 4. Nbd2 Nbd7 5. e3 Bd6 6. Bg3 O-O 7. Bd3 Qe7 8. Ne5 Nb6 9. c3 Ne8 10. Qc2 g6 11. O-O Ng7 12. Nef3 Nf5 13. Bxd6 cxd6 14. Rfe1 Ng7 15. e4 dxe4 16. Bxe4 d5 17. Bd3 Qc7 18. g3 Bd7 19. Ne5 Rac8 20. Nxd7 Qxd7 21. Rac1 Nf5 22. Nf3 Nc4 23. Qe2 Rfe8 24. Bxc4 dxc4 25. Ne5 Qd5 26. Nf3 Nd6 27. Qe5 Qxe5 28. dxe5 Nf5 29. g4 Ne7 30. Nd4 Rc5 31. Rcd1 Nd5 1/2-1/2

[Event "Schachfestival Senioren"]
[Site "Bad Woerishofen"]
[Date "2023.03.09"]
[Round "7.46"]
[White "Kumeth, Hartmut"]
[Black "Goris-Schouwstra, Adry"]
[Result "1/2-1/2"]
[WhiteElo "1724"]
[BlackElo "1659"]
[PlyCount "50"]
[EventDate "2023.??.??"]
[WhiteTeam "SK Union Oldenburg"]

1. d4 d5 2. e4 e6 3. Nc3 dxe4 4. Nxe4 Bd7 5. c3 Bc6 6. Ng3 Nd7 7. Nf3 Ngf6 8. Be2 Be7 9. O-O O-O 10. Be3 Bxf3 11. Bxf3 c6 12. Qc2 Re8 13. Rad1 Qa5 14. a3 Nf8 15. b4 Qc7 16. Ne2 Ng6 17. Be4 Nxe4 18. Qxe4 Rad8 19. f4 Qd7 20. g3 Bf8 21. Qf3 Ne7 22. Rd2 Nd5 23. Bf2 Nb6 24. Nc1 Nc4 25. Ra2 g6 1/2-1/2

[Event "Schachfestival Senioren"]
[Site "Bad Woerishofen"]
[Date "2023.03.09"]
[Round "7.47"]
[White "Gottwald, Helmut"]
[Black "Krotofil, Kurt"]
[Result "0-1"]
[WhiteElo "1659"]
[BlackElo "1817"]
[PlyCount "58"]
[EventDate "2023.??.??"]
[WhiteTeam "Keiner"]
[BlackTeam "Niendorfer TSV 1919 SAbt"]

1. d4 Nf6 2. Nc3 g6 3. Nf3 Bg7 4. e3 d5 5. Bd3 Nc6 6. O-O O-O 7. Re1 Nb4 8. Bf1 Bf5 9. Re2 Bg4 10. a3 Bxf3 11. gxf3 Nc6 12. Bg2 e6 13. Qd3 a6 14. Na2 Qd6 15. Bd2 a5 16. c4 e5 17. c5 Qd7 18. Bc3 exd4 19. exd4 Nh5 20. Qd2 Qf5 21. Rd1 Nf4 22. Kh1 Nxe2 23. Qxe2 Rfe8 24. Qb5 Nxd4 25. Bxd4 Bxd4 26. Rxd4 Re1+ 27. Bf1 c6 28. Qxb7 Rae8 29. Rg4 Qxf3+ 0-1

[Event "Schachfestival Senioren"]
[Site "Bad Woerishofen"]
[Date "2023.03.09"]
[Round "7.48"]
[White "Huhn, Ulrich"]
[Black "Mueggenburg, Rolf"]
[Result "0-1"]
[WhiteElo "1803"]
[BlackElo "1643"]
[PlyCount "116"]
[EventDate "2023.??.??"]
[WhiteTeam "SF Siemensstadt"]
[BlackTeam "SSC Graal-Mueritz"]

1. d4 Nf6 2. Nc3 c6 3. e4 e6 4. e5 Nd5 5. Nxd5 cxd5 6. Nf3 Be7 7. Bd3 Nc6 8. c3 b6 9. Bf4 Bb7 10. O-O h6 11. h3 g5 12. Bh2 Bf8 13. Re1 Qe7 14. Nd2 h5 15. Be2 h4 16. a4 Bg7 17. Bg4 O-O 18. Qe2 a6 19. Reb1 Rfb8 20. b4 Bc8 21. Kf1 Qf8 22. Kg1 Ne7 23. Nf3 Bh6 24. Nd2 Nc6 25. Qd3 Qg7 26. Kf1 Qg6 27. Qxg6+ fxg6 28. Ke2 Bb7 29. Kd3 Ne7 30. Rb2 Bc6 31. Rbb1 Bb7 32. Ra2 Bc6 33. Ra3 Rf8 34. Ke2 Rfc8 35. Kd3 Rcb8 36. Ra2 Kf7 37. Rf1 Kg8 38. Rb1 Nf5 39. Rf1 Rf8 40. Raa1 Ne7 41. Ra2 Nf5 42. Ke2 Rf7 43. Raa1 Raf8 44. Kd3 Ne7 45. f3 Nf5 46. a5 bxa5 47. Rfb1 Bb5+ 48. c4 dxc4+ 49. Nxc4 Rc8 50. Rc1 a4 51. Kd2 Rxc4 52. Rxc4 Bxc4 53. Bxf5 gxf5 54. Rxa4 Bb5 55. Ra1 g4+ 56. Ke1 gxf3 57. gxf3 Rg7 58. f4 Rg2 0-1

[Event "Schachfestival Senioren"]
[Site "Bad Woerishofen"]
[Date "2023.03.09"]
[Round "7.49"]
[White "Mahrla, Hans"]
[Black "Aigner, Georg"]
[Result "0-1"]
[WhiteElo "1654"]
[BlackElo "1742"]
[PlyCount "66"]
[EventDate "2023.??.??"]
[WhiteTeam "SC Eichenau"]
[BlackTeam "SC Taufkirchen"]

1. e4 e5 2. f4 exf4 3. Nf3 Be7 4. Be2 Bh4+ 5. Kf1 Be7 6. d3 d5 7. Bxf4 dxe4 8. dxe4 Nf6 9. e5 Qxd1+ 10. Bxd1 Nd5 11. Bd2 O-O 12. c4 Nb4 13. Bxb4 Bxb4 14. a3 Bc5 15. b4 Be3 16. Ke2 Bh6 17. Re1 Re8 18. Kf2 g6 19. Ba4 Bd7 20. Bxd7 Nxd7 21. Nc3 c6 22. Rad1 Re7 23. e6 fxe6 24. Rxe6 Rxe6 25. Rxd7 Rb8 26. Rd3 Rbe8 27. Rd7 R6e7 28. Rd3 Re3 29. Rd1 Rxc3 30. Nd2 Bxd2 31. Rxd2 Rxa3 32. b5 cxb5 33. cxb5 Rb3 0-1

[Event "Schachfestival Senioren"]
[Site "Bad Woerishofen"]
[Date "2023.03.09"]
[Round "7.50"]
[White "Fuchs, Joachim"]
[Black "Narr, Irmgard"]
[Result "1/2-1/2"]
[WhiteElo "1728"]
[BlackElo "1620"]
[PlyCount "120"]
[EventDate "2023.??.??"]
[WhiteTeam "SC Starnberg"]
[BlackTeam "SC Muehlhof-Reichelsdorf e.V."]

1. e4 e6 2. d4 d5 3. exd5 exd5 4. Nf3 Nf6 5. h3 Bd6 6. Be2 Bf5 7. O-O O-O 8. Re1 Nbd7 9. Bg5 c6 10. Nbd2 Qb6 11. Nb3 h6 12. Be3 Ne4 13. c4 dxc4 14. Bxc4 Bb4 15. Rf1 Rac8 16. a3 Bd6 17. Nfd2 Qc7 18. Nxe4 Bxe4 19. Rc1 Bh2+ 20. Kh1 Bd6 21. Nd2 Nf6 22. Nxe4 Nxe4 23. Qf3 Nf6 24. Bxh6 Be7 25. Be3 Qd6 26. Rfd1 Bd8 27. Bf4 Qd7 28. Be5 a6 29. Bb3 Re8 30. Bc2 Qe7 31. Bf5 Ra8 32. Re1 Ba5 33. b4 Bb6 34. Bb1 Red8 35. Bxf6 Qxf6 36. Qxf6 gxf6 37. g3 Bxd4 38. Kg2 Bb2 39. Rc4 Re8 40. Rg4+ Kf8 41. Rxe8+ Rxe8 42. a4 Re5 43. h4 a5 44. Bd3 Bc3 45. b5 Rd5 46. Be2 Rd4 47. Rxd4 Bxd4 48. bxc6 bxc6 49. Kf3 c5 50. g4 Kg7 51. Kg3 Kg6 52. f4 Bc3 53. Kf3 Kh6 54. Bc4 Kg6 55. Ke4 Bb2 56. h5+ Kg7 57. Kf5 Bd4 58. h6+ Kxh6 59. Bxf7 Kg7 60. Bc4 Bc3 1/2-1/2

[Event "Schachfestival Senioren"]
[Site "Bad Woerishofen"]
[Date "2023.03.09"]
[Round "7.51"]
[White "Schomann, Michael"]
[Black "Titz, Waldemar"]
[Result "1/2-1/2"]
[WhiteElo "1630"]
[BlackElo "1710"]
[PlyCount "32"]
[EventDate "2023.??.??"]
[WhiteTeam "TSV Kuecknitz v. 1911 e.V."]
[BlackTeam "SV Rottweil"]

1. d4 Nf6 2. c4 e5 3. dxe5 Ng4 4. Nf3 Nc6 5. Bf4 Bb4+ 6. Nbd2 Qe7 7. a3 Ngxe5 8. Nxe5 Nxe5 9. Bxe5 Bxd2+ 10. Qxd2 Qxe5 11. O-O-O d6 12. Qd4 O-O 13. Qxe5 dxe5 14. e4 Be6 15. f3 Rad8 16. Be2 f6 1/2-1/2

[Event "Schachfestival Senioren"]
[Site "Bad Woerishofen"]
[Date "2023.03.09"]
[Round "7.52"]
[White "Collins, Alan"]
[Black "Mayer, Dietmar"]
[Result "0-1"]
[WhiteElo "1608"]
[BlackElo "1705"]
[PlyCount "58"]
[EventDate "2023.??.??"]
[WhiteTeam "Cowley"]

1. f4 c5 2. Nf3 Nf6 3. d3 g6 4. e4 d6 5. Be2 Bg7 6. c3 Nc6 7. Na3 O-O 8. O-O Rb8 9. Nc2 b5 10. a3 a5 11. Ne3 b4 12. Bd2 e6 13. Qc2 Ba6 14. axb4 Nxe4 15. bxc5 Nxc5 16. b4 axb4 17. Rxa6 b3 18. Qb1 Nxa6 19. d4 Qa5 20. Nc4 Qd5 21. Nxd6 Qxd6 22. Bxa6 Nxd4 23. Nxd4 Qxa6 24. Qb2 Bxd4+ 25. cxd4 Rfc8 26. Bc3 Qa2 27. Rf2 Qxb2 28. Bxb2 Rc2 29. Kf1 Rbc8 0-1

[Event "Schachfestival Senioren"]
[Site "Bad Woerishofen"]
[Date "2023.03.09"]
[Round "7.53"]
[White "Schnell, Franz"]
[Black "Richter, Stefan"]
[Result "1-0"]
[WhiteElo "1701"]
[BlackElo "1589"]
[PlyCount "39"]
[EventDate "2023.??.??"]
[WhiteTeam "SV Nusplingen"]
[BlackTeam "Langenberg"]

1. d4 Nf6 2. Bf4 d6 3. Nf3 g6 4. h3 Bg7 5. Nc3 Nc6 6. d5 Nb8 7. e4 e5 8. Bg5 h6 9. Be3 a6 10. a4 g5 11. Nh2 c5 12. a5 b5 13. axb6 Qxb6 14. Qc1 Bd7 15. Be2 Qb4 16. f3 Nh5 17. Kf2 O-O 18. Rd1 f5 19. exf5 Qh4+ 20. Kg1 1-0

[Event "Schachfestival Senioren"]
[Site "Bad Woerishofen"]
[Date "2023.03.09"]
[Round "7.54"]
[White "Hertkorn, Dieter"]
[Black "Teubner, Wolfgang"]
[Result "0-1"]
[WhiteElo "1549"]
[BlackElo "1817"]
[PlyCount "108"]
[EventDate "2023.??.??"]
[WhiteTeam "SF Blaustein"]
[BlackTeam "SF Blaustein"]

1. d4 f5 2. Bf4 d6 3. Nf3 Nf6 4. Nc3 g6 5. e3 Bg7 6. Bc4 d5 7. Bb3 O-O 8. O-O c6 9. Bxb8 Rxb8 10. Re1 h6 11. e4 fxe4 12. Nxe4 Bg4 13. Nxf6+ Rxf6 14. Re3 Qf8 15. c3 Bxf3 16. gxf3 Qf7 17. Qe2 e6 18. Re1 Re8 19. Bc2 h5 20. Kh1 Bh6 21. Rd3 Bf4 22. Rg1 e5 23. Re3 Bxe3 24. Qxe3 e4 25. Qh6 Qg7 26. Qg5 Rxf3 27. Bd1 Rf5 28. Qxf5 gxf5 29. Rxg7+ Kxg7 30. Bxh5 Rh8 31. Bd1 Kf6 32. Kg2 f4 33. Bg4 Rg8 34. h3 Rg7 35. f3 Kg5 36. Kf2 e3+ 37. Ke2 Re7 38. a4 a5 39. Bc8 Rh7 40. b3 b5 41. axb5 cxb5 42. Ba6 Rxh3 43. Bxb5 Rh2+ 44. Kd1 Rb2 45. Ba4 Rf2 46. Bc6 Rxf3 47. Bxd5 Rf1+ 48. Ke2 Rf2+ 49. Ke1 Rd2 50. Bf3 Kh4 51. d5 Kg3 52. Be2 Rxd5 53. c4 Rd2 54. Bd1 f3 0-1

[Event "Schachfestival Senioren"]
[Site "Bad Woerishofen"]
[Date "2023.03.09"]
[Round "7.55"]
[White "Koppenhoefer, Heinz"]
[Black "Eschle, Hubert"]
[Result "0-1"]
[WhiteElo "1560"]
[BlackElo "1776"]
[PlyCount "38"]
[EventDate "2023.??.??"]
[WhiteTeam "TSV Solln Schachabteilung"]
[BlackTeam "SC Villingen-Schwenningen"]

1. e4 c5 2. Nf3 e6 3. Nc3 a6 4. a4 Nc6 5. g3 d6 6. Bg2 Nf6 7. d3 Be7 8. O-O O-O 9. b3 Qc7 10. Rb1 Bd7 11. Bb2 Rac8 12. Qd2 Nd4 13. Rfe1 e5 14. Ng5 h6 15. Nh3 Bxh3 16. Nd5 Nxd5 17. Bxd4 Bxg2 18. Bb2 Bf3 19. c4 Qd7 0-1

[Event "Schachfestival Senioren"]
[Site "Bad Woerishofen"]
[Date "2023.03.09"]
[Round "7.56"]
[White "Mitterholzer, Helmuth"]
[Black "Jovi, Klaus"]
[Result "1-0"]
[WhiteElo "1445"]
[BlackElo "1510"]
[PlyCount "47"]
[EventDate "2023.??.??"]
[WhiteTeam "Verbund"]
[BlackTeam "Ohne Verein"]

1. e4 c5 2. Nf3 d6 3. Bb5+ Bd7 4. Bxd7+ Nxd7 5. c4 g6 6. d4 Bg7 7. O-O Qb6 8. b3 cxd4 9. Bb2 e5 10. Ba3 Ngf6 11. Nbd2 O-O 12. b4 Rfe8 13. Re1 a6 14. Nb3 Qd8 15. Qd3 b6 16. c5 bxc5 17. bxc5 Qa5 18. Nxa5 dxc5 19. Rab1 Bf8 20. Nc4 Rab8 21. Rxb8 Nxb8 22. Rb1 Nxe4 23. Rxb8 Rxb8 24. Qxe4 1-0

[Event "Schachfestival Senioren"]
[Site "Bad Woerishofen"]
[Date "2023.03.09"]
[Round "7.57"]
[White "Grandl, Klaus"]
[Black "Hoefer, Frank"]
[Result "1-0"]
[WhiteElo "1546"]
[BlackElo "1425"]
[PlyCount "79"]
[EventDate "2023.??.??"]
[BlackTeam "TSV Forstenried e.V."]

1. e4 c5 2. Nc3 Nc6 3. Nf3 Nf6 4. Be2 e5 5. O-O d5 6. exd5 Nxd5 7. d3 Be7 8. h3 Be6 9. Ne4 h6 10. a3 a5 11. Nh2 Qd7 12. f4 O-O-O 13. fxe5 Nxe5 14. Bd2 Nc6 15. Nf3 f5 16. Nc3 Bg5 17. Nxd5 Bxd5 18. b4 b6 19. bxc5 bxc5 20. Qe1 Qa7 21. Kh1 Bxd2 22. Nxd2 Nd4 23. Qd1 Qa8 24. Rf2 Rhe8 25. Bf3 f4 26. Bxd5 Rxd5 27. Ne4 Rf8 28. Qg4+ Nf5 29. Rxf4 Kd8 30. Re1 Re5 31. g3 g5 32. Rf2 h5 33. Qxg5+ Kc8 34. Kh2 Qd5 35. Ref1 Rg8 36. Qd2 c4 37. Nf6 Qe6 38. Nxg8 Qg6 39. Rxf5 Rxf5 40. Ne7+ 1-0

[Event "Schachfestival Senioren"]
[Site "Bad Woerishofen"]
[Date "2023.03.09"]
[Round "7.58"]
[White "Walther, Renate"]
[Black "Luebbers, Doris"]
[Result "1/2-1/2"]
[WhiteElo "1220"]
[BlackElo "1498"]
[PlyCount "55"]
[EventDate "2023.??.??"]
[WhiteTeam "SK 1911 Herzogenaurach e.V."]
[BlackTeam "SC Steinbach"]

1. e4 e5 2. d4 exd4 3. Qxd4 Nc6 4. Qe3 d6 5. Nc3 Nf6 6. Bd2 Be6 7. O-O-O Qe7 8. h4 g6 9. Nh3 Bg7 10. Nf4 Ng4 11. Qf3 Nce5 12. Qe2 Nc6 13. Nfd5 Qd7 14. Kb1 O-O-O 15. Be3 Nxe3 16. Qxe3 Kb8 17. Bb5 a6 18. Ba4 Qe8 19. Bxc6 Qxc6 20. Nb4 Qc5 21. Qxc5 dxc5 22. Nd3 b6 23. Nf4 Bxc3 24. Rxd8+ Rxd8 25. Nxe6 fxe6 26. bxc3 Rd2 27. Rf1 Kc8 28. Kc1 1/2-1/2

[Event "Schachfestival Senioren"]
[Site "Bad Woerishofen"]
[Date "2023.03.10"]
[Round "8.1"]
[White "Kroell, Johannes"]
[Black "Koehler, Gerhard"]
[Result "1/2-1/2"]
[WhiteElo "2127"]
[BlackElo "2244"]
[PlyCount "77"]
[EventDate "2023.??.??"]
[WhiteTeam "Reutte"]
[BlackTeam "USV Halle/ Saale"]

1. Nc3 c5 2. e4 g6 3. d3 Bg7 4. g4 Nc6 5. Bg2 e6 6. Nge2 Nge7 7. Be3 Nd4 8. Ng3 d6 9. Qc1 Rb8 10. Nd1 e5 11. c3 Ne6 12. h4 h6 13. h5 g5 14. Nf5 Nxf5 15. exf5 Nf4 16. Bxf4 exf4 17. O-O O-O 18. c4 b5 19. Nc3 bxc4 20. dxc4 Ba6 21. Bd5 Qb6 22. Rb1 Qb4 23. Ne4 Be5 24. b3 Bc8 25. Rd1 Bd7 26. Qc2 Rb6 27. Rd3 a5 28. Rbd1 a4 29. Nd2 Rfb8 30. Nf3 Bf6 31. Be4 axb3 32. axb3 Kg7 33. Rxd6 Be8 34. Rxb6 Rxb6 35. Rd3 Ra6 36. Kg2 Ra3 37. Nd2 Qa5 38. Nf3 Ra2 39. Qd1 1/2-1/2

[Event "Schachfestival Senioren"]
[Site "Bad Woerishofen"]
[Date "2023.03.10"]
[Round "8.2"]
[White "Schumacher, Gottfried"]
[Black "Schatz, Christian"]
[Result "0-1"]
[WhiteElo "2148"]
[BlackElo "2127"]
[PlyCount "80"]
[EventDate "2023.??.??"]
[BlackTeam "SC Postbauer-Heng e.V"]

1. Nf3 Nf6 2. c4 c5 3. Nc3 g6 4. d4 cxd4 5. Nxd4 Bg7 6. e4 d6 7. Be2 O-O 8. Be3 Nc6 9. Qd2 Bd7 10. O-O Nxd4 11. Bxd4 Bc6 12. Bf3 a5 13. Rfe1 Nd7 14. Bxg7 Kxg7 15. Re3 Qb6 16. Rb1 Qc5 17. b3 Qg5 18. Rd1 Rfe8 19. Ne2 Ne5 20. Nd4 Rec8 21. Be2 Ng4 22. Qc3 Nf6 23. g3 Kg8 24. Nxc6 Rxc6 25. e5 Ne8 26. f4 Qf5 27. Bf3 Rc7 28. Kg2 a4 29. Rd2 axb3 30. axb3 Qb1 31. Ree2 Ra1 32. Kh3 Qf1+ 33. Bg2 Qc1 34. Qd4 Ra8 35. Qd3 Qa3 36. f5 dxe5 37. fxg6 hxg6 38. Rxe5 Nf6 39. Rf2 Kg7 40. Rb5 Rh8+ 0-1

[Event "Schachfestival Senioren"]
[Site "Bad Woerishofen"]
[Date "2023.03.10"]
[Round "8.3"]
[White "Geyer, Bernhard"]
[Black "Bhend, Edwin"]
[Result "1-0"]
[WhiteElo "2145"]
[BlackElo "2125"]
[PlyCount "137"]
[EventDate "2023.??.??"]
[WhiteTeam "SK Frankenthal"]
[BlackTeam "Truemmerfeld"]

1. e4 c5 2. Nc3 a6 3. a4 Nc6 4. g3 e6 5. Bg2 Nf6 6. f4 d6 7. Nf3 Be7 8. O-O O-O 9. h3 Ne8 10. Kh2 d5 11. d3 d4 12. Ne2 f5 13. e5 g6 14. c3 dxc3 15. bxc3 Bd7 16. Rb1 Rb8 17. d4 cxd4 18. Nfxd4 Nxd4 19. Nxd4 Qc8 20. Qb3 b6 21. Rd1 Ng7 22. Be3 Rd8 23. Rb2 Kf7 24. Rdb1 h6 25. c4 Bc5 26. a5 b5 27. cxb5 Bxd4 28. Bxd4 Rxb5 29. Qf3 Rxb2 30. Rxb2 Bb5 31. Rb3 Qd7 32. Bb6 Rc8 33. Rc3 Rxc3 34. Qxc3 g5 35. Bf3 Qd3 36. Qxd3 Bxd3 37. Kg1 Kg6 38. Bc6 Kf7 39. Kf2 Nh5 40. Be3 g4 41. h4 Bc4 42. Bc5 Ng7 43. Ke1 Ne8 44. Bb6 Ng7 45. Kd2 Nh5 46. Bf2 Ke7 47. Kc3 Bf1 48. Kb4 Kd8 49. Kc5 Kc7 50. Ba4 Be2 51. Bb3 Ng7 52. Ba4 Bf1 53. Kb4 Bg2 54. Bb6+ Kb7 55. Kc5 Nh5 56. Kd6 Nxg3 57. Kxe6 Be4 58. Kf7 Nh5 59. Be3 g3 60. Kg6 Bf3 61. Kxf5 g2 62. e6 Bc6 63. Bb3 Ng3+ 64. Ke5 Ne2 65. f5 g1=Q 66. Bxg1 Nxg1 67. f6 Nf3+ 68. Kd6 Nxh4 69. Bc2 1-0

[Event "Schachfestival Senioren"]
[Site "Bad Woerishofen"]
[Date "2023.03.10"]
[Round "8.4"]
[White "Luciani, Carlo"]
[Black "Daeubler, Heinrich"]
[Result "1-0"]
[WhiteElo "2194"]
[BlackElo "2145"]
[PlyCount "159"]
[EventDate "2023.??.??"]
[BlackTeam "SF Haselmuehl/Amberg"]

1. e4 g6 2. d4 Bg7 3. Nc3 d6 4. Be3 a6 5. f3 Nd7 6. g4 h5 7. gxh5 Rxh5 8. Nge2 e5 9. Qd2 Bh6 10. O-O-O Bxe3 11. Qxe3 Qg5 12. Qxg5 Rxg5 13. dxe5 Rxe5 14. Nd5 Kd8 15. Bg2 Ngf6 16. f4 Rh5 17. Ne3 Ne8 18. h4 c6 19. Ng3 Rh7 20. h5 gxh5 21. Ngf5 Kc7 22. Nc4 Ndf6 23. Nfxd6 Nxd6 24. Rxd6 Be6 25. f5 Nxe4 26. Rxe6 fxe6 27. Bxe4 exf5 28. Bxf5 Rah8 29. Ne5 h4 30. Ng6 Rh5 31. Bh3 Rg5 32. Nf4 Rhg8 33. Ne6+ Kd6 34. Nxg5 Rxg5 35. Bc8 Kc7 36. Be6 Kd6 37. Bc4 Rh5 38. Kd2 Kc7 39. Ke3 Kb8 40. Kf4 Rh7 41. Rh3 Ka7 42. Kg5 Rg7+ 43. Kxh4 Rg1 44. Be6 Rb1 45. Rb3 Kb8 46. Kg5 Kc7 47. Kf6 Rh1 48. Rg3 Rb1 49. Rg7+ Kb8 50. b3 Rb2 51. Bf5 Rxa2 52. Ke7 Ra5 53. Rg8+ Kc7 54. Rc8+ Kb6 55. Be6 Rh5 56. Kd6 Rh2 57. Bf5 Rd2+ 58. Bd3 Rh2 59. Re8 Rf2 60. Re7 Rf6+ 61. Ke5 Rf8 62. Kd4 Rh8 63. b4 Rh4+ 64. Be4 Ka7 65. Kc3 Rh3+ 66. Kc4 Kb6 67. c3 Re3 68. Kd4 Rh3 69. c4 Rh4 70. Ke3 Rh3+ 71. Kd4 Rh4 72. c5+ Ka7 73. Kc3 Rh3+ 74. Kc2 Kb8 75. Re8+ Ka7 76. Bf5 Rg3 77. Re7 Kb8 78. Be4 Re3 79. Re8+ Ka7 80. Bxc6 1-0

[Event "Schachfestival Senioren"]
[Site "Bad Woerishofen"]
[Date "2023.03.10"]
[Round "8.5"]
[White "Schinnerl, Werner"]
[Black "Kierzek, Matthias"]
[Result "0-1"]
[WhiteElo "1944"]
[BlackElo "2177"]
[PlyCount "92"]
[EventDate "2023.??.??"]
[WhiteTeam "SC Reutte"]
[BlackTeam "SC Fulda"]

1. e4 c6 2. Nf3 d5 3. exd5 cxd5 4. Ne5 Nc6 5. d4 Nf6 6. c3 g6 7. Bd3 Bg7 8. O-O O-O 9. f4 Bf5 10. Bxf5 gxf5 11. Nd2 e6 12. Rf3 Ng4 13. Nf1 f6 14. Nxc6 bxc6 15. h3 Nh6 16. Rg3 Nf7 17. Ne3 Nd6 18. Rf3 Ne4 19. g4 fxg4 20. hxg4 f5 21. g5 h6 22. Rh3 hxg5 23. Qh5 g4 24. Qh7+ Kf7 25. Rh6 Nf6 26. Qg6+ Kg8 27. Rh2 Qe8 28. Qg5 Ne4 29. Qh4 Rf6 30. Qh7+ Kf7 31. Nc2 a5 32. Ne1 Qh8 33. Nd3 Qxh7 34. Rxh7 Kg6 35. Rh2 Rff8 36. Be3 Rh8 37. Rxh8 Rxh8 38. Re1 Rh3 39. a4 Bf6 40. Ne5+ Bxe5 41. dxe5 c5 42. b4 d4 43. cxd4 cxb4 44. d5 exd5 45. Bb6 Ra3 46. Bxa5 Rxa4 0-1

[Event "Schachfestival Senioren"]
[Site "Bad Woerishofen"]
[Date "2023.03.10"]
[Round "8.6"]
[White "Krueger, Erich"]
[Black "Neumann, Joachim"]
[Result "1/2-1/2"]
[WhiteElo "2176"]
[BlackElo "2026"]
[PlyCount "100"]
[EventDate "2023.??.??"]
[WhiteTeam "SF Essen-Katernberg 04/32 e. V."]
[BlackTeam "Agon Neumuenster"]

1. d4 Nf6 2. c4 e6 3. Nc3 Bb4 4. e3 c5 5. Bd3 d5 6. cxd5 Nxd5 7. Nge2 cxd4 8. exd4 O-O 9. O-O Nc6 10. Qc2 h6 11. Rd1 Bd7 12. Nxd5 exd5 13. Nf4 Ne7 14. Qb3 Qa5 15. Bc2 Rac8 16. a3 Bd6 17. Bd2 Qb5 18. Rac1 Qxb3 19. Bxb3 Bc6 20. Rc3 Nf5 21. Bc1 Rce8 22. g4 Ne7 23. Re1 Ng6 24. Rxe8 Rxe8 25. Nxg6 fxg6 26. Re3 Kf8 27. Bc2 g5 28. Kg2 Rxe3 29. fxe3 Ke7 30. Bb3 Bc7 31. Bd2 a5 32. a4 Kd6 33. Be1 Ke7 34. Bg3 Bxg3 35. Kxg3 Kd6 36. Bc2 b6 37. Kf3 Ke6 38. b3 b5 39. axb5 Bxb5 40. e4 Bc6 41. e5 Bb5 42. Ke3 Ke7 43. Bd3 Bd7 44. Bf5 Bxf5 45. gxf5 h5 46. Kf3 Kf7 47. Kg3 Ke7 48. h3 Kf7 49. h4 g4 50. Kf4 Ke7 1/2-1/2

[Event "Schachfestival Senioren"]
[Site "Bad Woerishofen"]
[Date "2023.03.10"]
[Round "8.8"]
[White "Stern, Geoffrey"]
[Black "Baum, Bernd"]
[Result "0-1"]
[WhiteElo "1980"]
[BlackElo "2272"]
[PlyCount "64"]
[EventDate "2023.??.??"]
[WhiteTeam "Gambit Bonnevoie"]
[BlackTeam "SK Marburg 1931/72"]

1. d4 Nf6 2. Nc3 d6 3. e4 g6 4. g3 Bg7 5. Bg2 O-O 6. Nge2 Nbd7 7. O-O c5 8. h3 Rb8 9. a4 b6 10. Be3 cxd4 11. Bxd4 Bb7 12. Qd2 Nc5 13. f3 a6 14. Rad1 Qc7 15. g4 e5 16. Be3 Rfd8 17. Ng3 d5 18. exd5 Nxd5 19. Nge4 Nxe3 20. Qxe3 Rd4 21. Rd2 Rbd8 22. Rfd1 Qd7 23. Nxc5 bxc5 24. Nb1 Qxa4 25. b3 Qb4 26. Rxd4 Rxd4 27. Re1 Rd8 28. Kh1 Qd4 29. Qe2 Bh6 30. Na3 Bf4 31. Bf1 Bg3 32. Rb1 Qc3 0-1

[Event "Schachfestival Senioren"]
[Site "Bad Woerishofen"]
[Date "2023.03.10"]
[Round "8.10"]
[White "Stern, Robert"]
[Black "Remensberger, Hansuli"]
[Result "1/2-1/2"]
[WhiteElo "1877"]
[BlackElo "2103"]
[PlyCount "44"]
[EventDate "2023.??.??"]
[WhiteTeam "Pimlico"]
[BlackTeam "Chessflyers"]

1. e4 e6 2. d4 d5 3. Nd2 a6 4. Ngf3 c5 5. exd5 exd5 6. dxc5 Bxc5 7. Nb3 Bb6 8. Bd3 Qe7+ 9. Qe2 Nc6 10. c3 Nf6 11. Qxe7+ Nxe7 12. O-O O-O 13. Nbd4 Ng6 14. Re1 Bd7 15. Bg5 Rfe8 16. Bxf6 gxf6 17. Bf5 Bxf5 18. Nxf5 Ne5 19. Rad1 Rad8 20. h3 Kf8 21. N3d4 Nc6 22. Kf1 Rxe1+ 1/2-1/2

[Event "Schachfestival Senioren"]
[Site "Bad Woerishofen"]
[Date "2023.03.10"]
[Round "8.11"]
[White "Keller, Harald"]
[Black "Scharrer, Udo"]
[Result "1/2-1/2"]
[WhiteElo "2051"]
[BlackElo "1942"]
[PlyCount "34"]
[EventDate "2023.??.??"]
[WhiteTeam "SV Rottweil"]
[BlackTeam "SV Dicker Turm Esslingen"]

1. e4 c5 2. Nc3 Nc6 3. g3 g6 4. Bg2 Bg7 5. d3 d6 6. Nh3 Rb8 7. Be3 b5 8. Qd2 Nd4 9. Ng1 e6 10. Nd1 Qb6 11. c3 Nc6 12. Ne2 e5 13. O-O Nge7 14. Bh6 O-O 15. Bxg7 Kxg7 16. Ne3 b4 17. c4 Nd4 1/2-1/2

[Event "Schachfestival Senioren"]
[Site "Bad Woerishofen"]
[Date "2023.03.10"]
[Round "8.12"]
[White "Witte, Ronald"]
[Black "Cordara, Michele"]
[Result "1/2-1/2"]
[WhiteElo "2009"]
[BlackElo "1917"]
[PlyCount "26"]
[EventDate "2023.??.??"]
[WhiteTeam "BSV 63 Chemie Weissensee"]
[BlackTeam "Scaccomattissimo"]

1. d4 Nf6 2. Nf3 e6 3. c4 b6 4. g3 Bb7 5. Bg2 Be7 6. O-O O-O 7. Nc3 d5 8. cxd5 Nxd5 9. Qc2 c5 10. Rd1 cxd4 11. Nxd4 Nb4 12. Qb3 Bxg2 13. Kxg2 Qc8 1/2-1/2